Rôles des Loups-garous de Thiercelieux - Clic quiz d'images - Statistiques

Statistiques générales
  • Ce quiz a été pris 1 468 fois
  • Le résultat moyen est 26 sur 36
Statistiques - réponses
Hint Réponse % Correct
Cupidon
92%
Loup-garou blanc
91%
Petite fille
91%
Villageois
90%
Loup-garou
90%
Chevalier à l'épée rouillée
90%
Voyante
89%
Corbeau
89%
Renard
89%
Chasseur
88%
Pyromane
88%
Joueur de flûte
87%
Ange
87%
Deux sœurs
87%
Trois frères
86%
Lapin blanc
86%
Marionnettiste
85%
Enfant sauvage
85%
Sorcière
85%
Voleur
83%
Chien-loup
82%
Servante dévouée
73%
Montreur d'ours
73%
Infect père des loups
70%
Juge bègue
69%
Ancien
69%
Loup-garou voyant
67%
Idiot du village
64%
Bouc émissaire
64%
Comédien
59%
Grand méchant loup
50%
Gitane sans filtre
39%
Salvateur
32%
Abominable sectaire
29%
Ankou
26%
Nécromancien
23%
Aucun quiz correspondant
Distribution des résultats
% des personnes avec chaque résultat
Percentile par nombre de réponses
Votre historique - résultats
Vous n’avez pas pris ce quiz